Aleph logo Katalog Główny
Aleph logo Zaloguj | Koniec sesji | Moje konto | Preferencje | Bazy | Komentarze | WMB | Nowości w katalogu | Pomoc
Aleph logo   English Version | Przeglądaj | Wyszukaj | Lista wyników | Poprzednie wyszukiwania | Moja e-półka | Biblioteka Cyfrowa |
 
 
  Zapytanie BIB  |  Dodaj do e-półki  |  Szukaj  |  Zapisz/wyślij  |  Zapisz na serwerze  |  Dodaj do mojej e-półki  | 
 

Pełny widok rekordu

Wybierz format: Standard Karta katalogowa Cytat Etykiety nazw Etykiety MARC
Miniatura nie jest powiązana z konkretnym obiektem, wybierz obiekt. 
FMT BK
LDR      cam a2200361 i 4500
001 000038753
003 NUKAT
005 20260316115222.0
008 100401s1920    pl       s   |000 0 pol c
035 |a xx001568580
040 |a GD U/as |c GD U/as |d GD U/AEKs |d KR 93/MSs
24500 |a Zasiewy i zbiory w roku 1918 = |b Surface des cultures et récoltes en 1918 / |c [przygot. do dr. Jan Rutkowski] ; Główny Urząd Statystyczny.
24631 |a Surface des cultures et récoltes en 1918
260 |a Warszawa : |b Nakł. Głównego Urzędu Statystycznego, |c 1920 |e (Warszawa : |f Drukarnia Państwowa).
300 |a [6], VIII, 45 s. : |b err. ; |c 34 cm.
4901 |a Statystyka Polski / wydawana przez Główny Urząd Statystyczny = |a Statistique de la Pologne / publiée par l'Office Central de Statistique de la République Polonaise ; |v t. 2
500 |a Gł. tabele.
546 |a Wstęp w jęz. fr.
7001 |a Rutkowski, Jan |d (1886-1949). |e Red.
7102 |a Główny Urząd Statystyczny (GUS)
830 0 |a Statystyka Polski - Główny Urząd Statystyczny (1919-1931) |x 1230-5146 ; |v t. 2
SYG |a 5628
SYG |a 5628
SYG |a 5628
SYG |a 5628
SYG |a 5628
DEG |a rolnictwo
DEG |a statystyka rolnictwa
DEG |a zboża
DEP |a produkcja roślinna
DEP |a plon
DEP |a historyczny aspekt
KTG |a JG
KTK |a EZ
BAS |a 11
BAS |a 46
BAS |a 90
BAS |a 98
PST |0 Z30 |1 000038753000020 |b BG |c MAG |o BOOK |d 06 |f N |r CBS60-000000000 |h 12345 |3 Książka |4 Wypożyczalnia p.67 |5 Magazyn |6 A - na miejscu
PST |0 Z30 |1 000038753000020 |b BG |c MAG |o BOOK |d 06 |f N |r CBS60-000000000 |h 5628 |3 Książka |4 Wypożyczalnia p.67 |5 Magazyn |6 A - na miejscu
SBL |a BG
LOC |b BG |c MAG |h 12345 |o BOOK |4 Wypożyczalnia p.67 |5 Magazyn |3 Książka
LOC |b BG |c MAG |h 5628 |o BOOK |4 Wypożyczalnia p.67 |5 Magazyn |3 Książka
STS |a 06
SYS 000038753

Wybierz format: Standard Karta Katalogowa Cytat Etykiety nazw Etykiety MARC


Koniec sesji - Ustawienia - Komentarze - Pomoc - WMB - Ex Libris - Przeglądaj - Szukaj - Lista wyników - Poprzednie wyszukiwania - Bazy - Koszyk